<?xml version="1.0" encoding="UTF-8"?>
<collection xmlns="http://www.loc.gov/MARC21/slim">
 <record>
  <leader>01041nam a22002295a 4500</leader>
  <controlfield tag="001">EUN.um057298</controlfield>
  <controlfield tag="003">AR-BaUNS</controlfield>
  <controlfield tag="005">20050623122925.0</controlfield>
  <controlfield tag="008">041125s1978####ag#a##########000#0#spa#d</controlfield>
  <datafield tag="245" ind1="1" ind2="0">
   <subfield code="a">Presas de gravedad /</subfield>
   <subfield code="c">Enrique Romanelli.</subfield>
  </datafield>
  <datafield tag="260" ind1=" " ind2=" ">
   <subfield code="a">Bahía Blanca :</subfield>
   <subfield code="b">Universidad nacional del Sur,</subfield>
   <subfield code="c">1978.</subfield>
  </datafield>
  <datafield tag="300" ind1=" " ind2=" ">
   <subfield code="a">103 h. :</subfield>
   <subfield code="b">ilus. ;</subfield>
   <subfield code="c">34 cm.</subfield>
  </datafield>
  <datafield tag="100" ind1="1" ind2=" ">
   <subfield code="a">Romanelli, Enrique.</subfield>
  </datafield>
  <datafield tag="082" ind1="0" ind2="4">
   <subfield code="a">627.8</subfield>
  </datafield>
  <datafield tag="859" ind1=" " ind2=" ">
   <subfield code="a">Ar-BaUNS</subfield>
   <subfield code="b">BIB. CENTRAL - Sector C</subfield>
   <subfield code="h">627.8</subfield>
   <subfield code="i">R662</subfield>
   <subfield code="k">F</subfield>
   <subfield code="p">81602/979</subfield>
  </datafield>
  <datafield tag="859" ind1=" " ind2=" ">
   <subfield code="a">Ar-BaUNS</subfield>
   <subfield code="b">BIB. CENTRAL - Sector C</subfield>
   <subfield code="h">627.8</subfield>
   <subfield code="i">R662</subfield>
   <subfield code="k">F</subfield>
   <subfield code="p">81603/979</subfield>
   <subfield code="t">Ej.2</subfield>
  </datafield>
  <datafield tag="859" ind1=" " ind2=" ">
   <subfield code="a">Ar-BaUNS</subfield>
   <subfield code="b">BIB. CENTRAL - Sector C</subfield>
   <subfield code="h">627.8</subfield>
   <subfield code="i">R662</subfield>
   <subfield code="k">F</subfield>
   <subfield code="p">81604/979</subfield>
   <subfield code="t">Ej.3</subfield>
  </datafield>
  <datafield tag="859" ind1=" " ind2=" ">
   <subfield code="a">Ar-BaUNS</subfield>
   <subfield code="b">BIB. CENTRAL - Sector C</subfield>
   <subfield code="h">627.8</subfield>
   <subfield code="i">R662</subfield>
   <subfield code="k">F</subfield>
   <subfield code="p">81605/979</subfield>
   <subfield code="t">Ej.4</subfield>
  </datafield>
  <datafield tag="859" ind1=" " ind2=" ">
   <subfield code="a">Ar-BaUNS</subfield>
   <subfield code="b">BIB. CENTRAL - Sector C</subfield>
   <subfield code="h">627.8</subfield>
   <subfield code="i">R662</subfield>
   <subfield code="k">F</subfield>
   <subfield code="p">106645/997</subfield>
   <subfield code="t">Ej.5</subfield>
  </datafield>
  <datafield tag="859" ind1=" " ind2=" ">
   <subfield code="a">Ar-BaUNS</subfield>
   <subfield code="b">BIB. CENTRAL - Sector C</subfield>
   <subfield code="h">627.8</subfield>
   <subfield code="i">R662</subfield>
   <subfield code="k">F</subfield>
   <subfield code="p">106644/997</subfield>
   <subfield code="t">Ej.6</subfield>
  </datafield>
  <datafield tag="859" ind1=" " ind2=" ">
   <subfield code="a">Ar-BaUNS</subfield>
   <subfield code="b">BIB. CENTRAL - Sector C</subfield>
   <subfield code="h">627.8</subfield>
   <subfield code="i">R662</subfield>
   <subfield code="k">F</subfield>
   <subfield code="p">81608/979</subfield>
   <subfield code="t">Ej.7</subfield>
  </datafield>
  <datafield tag="859" ind1=" " ind2=" ">
   <subfield code="a">Ar-BaUNS</subfield>
   <subfield code="b">BIB. CENTRAL - Sector C</subfield>
   <subfield code="h">627.8</subfield>
   <subfield code="i">R662</subfield>
   <subfield code="k">F</subfield>
   <subfield code="p">81609/979</subfield>
   <subfield code="t">Ej.8</subfield>
  </datafield>
 </record>
</collection>
